Statistiques concernant Équipe Stade rochelais finale Coupe d'Europe 2023.

Cliquez ici pour prendre le quiz!

Statistiques générales

  • Ce quiz a été pris 51 fois
  • Le résultat moyen est 18 sur 23

Statistiques - réponses

Joueur% Correct
3.{Uini Atonio}
100%
10.{Antoine Hastoy}
98%
15.{Brice Dulin}
98%
8.{Grégory Alldritt}
98%
12.{Jonathan Danty}
93%
2.{Pierre Bourgarit}
91%
9.{Tawera Kerr-Barlow}
91%
5.{Will Skelton}
89%
14.{Dillyn Leyds}
87%
11.{Raymond Rhule}
87%
7.{Levani Botia}
85%
1.{Reda Wardi}
85%
13.{Ulupano Seuteni}
85%
4.{Romain Sazy}
80%
18.{George-Henri Colombe}
78%
6.{Paul Boudehent}
76%
17.{Joël Sclavi}
74%
22.{Thomas Berjon}
70%
19.{Thomas Lavault}
65%
23.{Jules Favre}
61%
16.{Quentin Lespiaucq-Brettes}
54%
20.{Rémi Bourdeau}
39%
21.{Ultan Dillane}
37%

Distribution des résultats

Percentile par nombre de réponses

% des personnes avec chaque résultat

Votre développement - résultats

Vous n’avez pas pris ce quiz